Statistics for Gran Turismo 5: European Makes

Click here to take the quiz!

General Stats

  • This quiz has been taken 15 times
  • The average score is 27 of 45

Answer Stats

HintAnswer% Correct
FFerrari
100%
VVolvo
93%
AAudi
93%
BBMW
93%
VVolkswagen
93%
RRenault
93%
PPeugeot
87%
MMercedes-Benz
87%
LLamborghini
87%
CCitroen
87%
SSEAT
80%
AAlfa Romeo
80%
AAston Martin
80%
LLotus
80%
FFiat
80%
JJaguar
73%
OOpel
73%
MMini
67%
MMaserati
67%
RRUF
67%
MMcLaren
60%
LLancia
60%
TTVR
53%
VVauxhall
53%
MMG
53%
BBentley
53%
TTriumph
53%
SSpyker
47%
GGillet
47%
CCaterham
47%
BBugatti
47%
AAutobianchi
47%
AAlpine
47%
LLand Rover
40%
HHommell
40%
PPagani
33%
MMarcos
33%
LLister
33%
GGinetta
33%
PPescarolo
27%
JJensen
27%
AAC Cars
27%
CCizeta
20%
RRed Bull
13%
BBlitz
7%

Score Distribution

Percentile by Number Answered

Percent of People with Each Score

Your Score History

You have not taken this quiz